00206nam a2200085Ia 4500008004100000041000800041100001700049245002300066260003100089230508s1988 xx 000 0 und d aeng aC V STARKEY. aBASIC ENGG DESIGN. bEDWARD ARNOLD, LANDAc1988